| 000 | 00886cam a2200301 i 4500 | ||
|---|---|---|---|
| 999 |
_c200449646 _d67858 |
||
| 003 | TR-AnTOB | ||
| 005 | 20221021191207.0 | ||
| 007 | ta | ||
| 008 | 220905s2020 tu 000 0 tur d | ||
| 020 | _a9786257088893 | ||
| 040 |
_aTR-AnTOB _beng _erda _cTR-AnTOB |
||
| 041 | 0 | _atur | |
| 050 | 1 | 4 |
_aKKX1972 _b.A455 2020 |
| 090 |
_aKKX1972 _b.A455 2020 |
||
| 100 | 1 |
_aAkil, Cenk _eauthor _9120650 |
|
| 245 | 1 | 0 |
_a(Sorularla) konkordato hukuku / _cDoç. Dr. Cenk Akil. |
| 246 | 3 | 0 | _aKonkordato hukuku. |
| 246 | 3 | 0 | _aSorularla konkordato hukuku. |
| 264 | 1 |
_aAnkara : _bAdalet, _c2020. |
|
| 300 |
_a452 pages ; _c24 cm |
||
| 336 |
_atext _btxt _2rdacontent |
||
| 337 |
_aunmediated _bn _2rdamedia |
||
| 338 |
_avolume _bnc _2rdacarrier |
||
| 490 | 0 |
_aHukuk yayınları dizisi: _v2652 |
|
| 650 | 0 |
_9125196 _aKonkordato (Hukuk) _zTürkiye |
|
| 942 |
_2lcc _cBK |
||